| 000 -LEADER |
| fixed length control field |
01249nam a2200313 i 4500 |
| 001 - CONTROL NUMBER |
| control field |
020423846 |
| 003 - CONTROL NUMBER IDENTIFIER |
| control field |
UkOxU |
| 005 - DATE AND TIME OF LATEST TRANSACTION |
| control field |
20230811100759.0 |
| 008 - FIXED-LENGTH DATA ELEMENTS--GENERAL INFORMATION |
| fixed length control field |
150420s2015 enka 000|0|eng|d |
| 020 ## - INTERNATIONAL STANDARD BOOK NUMBER |
| International Standard Book Number |
9780198354543 (pbk.) : |
| 040 ## - CATALOGING SOURCE |
| Original cataloging agency |
StDuBDS |
| Language of cataloging |
eng |
| Description conventions |
rda |
| Transcribing agency |
StDuBDS |
| Modifying agency |
UkOxU |
| -- |
KH8 |
| 082 04 - DEWEY DECIMAL CLASSIFICATION NUMBER |
| Classification number |
327.090 KEA |
| 100 1# - MAIN ENTRY--PERSONAL NAME |
| Personal name |
Kearey, Kat, |
| Relator term |
author. |
| 245 10 - TITLE STATEMENT |
| Title |
Oxford AQA history A level and AS component 2. |
| Name of part/section of a work |
International relations and global conflict c1890-1941 / |
| Statement of responsibility, etc. |
Kat Kearey. |
| 246 30 - VARYING FORM OF TITLE |
| Title proper/short title |
A level and AS component 2. |
| Name of part/section of a work |
International relations and global conflict c1890-1941 |
| 246 30 - VARYING FORM OF TITLE |
| Title proper/short title |
International relations and global conflict c1890-1941 |
| 264 #1 - PRODUCTION, PUBLICATION, DISTRIBUTION, MANUFACTURE, AND COPYRIGHT NOTICE |
| Place of production, publication, distribution, manufacture |
Oxford : |
| Name of producer, publisher, distributor, manufacturer |
Oxford University Press, |
| Date of production, publication, distribution, manufacture, or copyright notice |
2015. |
| 300 ## - PHYSICAL DESCRIPTION |
| Extent |
xvi, 223 pages : |
| Other physical details |
illustrations (colour) ; |
| Dimensions |
7.68 x 0.43 x 10.43 inches. |
| 336 ## - CONTENT TYPE |
| Content type term |
text |
| Source |
rdacontent |
| 336 ## - CONTENT TYPE |
| Content type term |
still image |
| Source |
rdacontent |
| 337 ## - MEDIA TYPE |
| Media type term |
unmediated |
| Source |
rdamedia |
| 338 ## - CARRIER TYPE |
| Carrier type term |
volume |
| Source |
rdacarrier |
| 490 1# - SERIES STATEMENT |
| Series statement |
Oxford AQA history series |
| 521 2# - TARGET AUDIENCE NOTE |
| Target audience note |
A-level. |
| 650 #0 - SUBJECT ADDED ENTRY--TOPICAL TERM |
| Topical term or geographic name entry element |
International relations |
| General subdivision |
History |
| Chronological subdivision |
19th century |
| General subdivision |
Examinations |
| Form subdivision |
Study guides. |
| 650 #0 - SUBJECT ADDED ENTRY--TOPICAL TERM |
| Topical term or geographic name entry element |
International relations |
| General subdivision |
History |
| Chronological subdivision |
20th century |
| General subdivision |
Examinations |
| Form subdivision |
Study guides. |
| 830 #0 - SERIES ADDED ENTRY--UNIFORM TITLE |
| Uniform title |
Oxford AQA history series. |
| 942 ## - ADDED ENTRY ELEMENTS (KOHA) |
| Source of classification or shelving scheme |
|
| Koha item type |
Teaching Resources |